000
00211nam a2200085Ia 4500
008
120527s9999 xx 000 0 und d
100
_a
SHERMAN and ALCOCK
245
_a
Readings from American Scientist
942
_c
BK
999
_c
25585
_d
25585